Management and cost accounting : (Record no. 23454)

MARC details
000 -LEADER
fixed length control field 00761cam a22002415a 4500
001 - CONTROL NUMBER
control field 016954918
003 - CONTROL NUMBER IDENTIFIER
control field OSt
005 - DATE AND TIME OF LATEST TRANSACTION
control field 20201128024041.0
008 - FIXED-LENGTH DATA ELEMENTS--GENERAL INFORMATION
fixed length control field 140916t2015 enka fr 000 0 eng d
020 ## - INTERNATIONAL STANDARD BOOK NUMBER
International Standard Book Number 9781408093948
040 ## - CATALOGING SOURCE
Original cataloging agency StDuBDS
Language of cataloging eng
Transcribing agency StDuBDS
Modifying agency EG-ScBUE
082 04 - DEWEY DECIMAL CLASSIFICATION NUMBER
Classification number 658.1511
Edition number 22
Item number DRU
100 1# - MAIN ENTRY--PERSONAL NAME
Personal name Drury, Colin.
9 (RLIN) 10737
245 10 - TITLE STATEMENT
Title Management and cost accounting :
Name of part/section of a work student's manual /
Statement of responsibility, etc Colin Drury.
250 ## - EDITION STATEMENT
Edition statement 9th ed.
260 ## - PUBLICATION, DISTRIBUTION, ETC. (IMPRINT)
Place of publication, distribution, etc Hampshire :
Name of publisher, distributor, etc Cengage Learning,
Date of publication, distribution, etc c.2015.
300 ## - PHYSICAL DESCRIPTION
Extent 402 p. :
Other physical details ill. ;
Dimensions 25 cm.
650 #7 - SUBJECT ADDED ENTRY--TOPICAL TERM
Topical term or geographic name as entry element Managerial accounting
Form subdivision Problems, exercises, etc.
Source of heading or term BUEsh
9 (RLIN) 40704
650 #7 - SUBJECT ADDED ENTRY--TOPICAL TERM
Topical term or geographic name as entry element Cost accounting
Source of heading or term BUEsh
9 (RLIN) 1415
General subdivision Problems, exercises, etc.
651 ## - SUBJECT ADDED ENTRY--GEOGRAPHIC NAME
Source of heading or term BUEsh
653 ## - INDEX TERM--UNCONTROLLED
Resource For college BAEPS, Economics
Arrived date list December2016
942 ## - ADDED ENTRY ELEMENTS (KOHA)
Source of classification or shelving scheme Dewey Decimal Classification
Holdings
Withdrawn status Item status Source of classification or shelving scheme Damaged status Not for loan Vendor Home library Current library Shelving location Date acquired Source of acquisition Cost, normal purchase price Serial Enumeration / chronology Total Checkouts Total Renewals Full call number Barcode Checked out Date last seen Date last borrowed Cost, replacement price Koha item type
    Dewey Decimal Classification     Baccah Central Library Central Library First floor 05/12/2016 Purchase 456.00 25140 2 1 658.1511 DRU 000040236 23/12/2023 02/11/2019 02/11/2019 570.00 Book - Borrowing